000 01286nab a22002297a 4500
999 _c6250
_d6250
003 OSt
005 20260127210252.0
008 190514b xxu||||| |||| 00| 0 spa d
040 _cPJ
100 _96961
_a Maurano, María Paula
245 1 3 _aEl control de legalidad de las medidas excepcionales del sistema de protección :
_buna aparente rivalidad entre la autonomía administrativa y el control judicial /
_cMaría Paula Maurano.
300 _ap. 139-148
500 _aCita: TR LALEY AR/DOC/2141/2025.
505 _aSumario: I. Introducción.— II. Las instancias del sistema de protección. Las medidas de protección integral.— III. Medidas excepcionales.— IV. Conclusiones.
505 _tFallo comentado: SC Mendoza ~ 30/04/2025 ~ ETI Godoy Cruz por K. G., F. Y. X. y otros y B. K. A. s/ control de legalidad de medidas de excepción (digital todo en flex) s. recurso extraordinario provincial (ley 9423).
650 0 _9967
_aDERECHO DE FAMILIA
650 0 _91135
_aPROCEDIMIENTO ADMINISTRATIVO
650 0 _aPROTECCION DE PERSONAS
650 0 _91057
_aJURISPRUDENCIA APLICABLE
773 0 _02844
_93222
_dBuenos Aires : AbeledoPerrot, 1989-
_tDerecho de familia. Revista Interdisciplinaria de doctrina y jurisprudencia. Octubre 2025-V.
_z18511201
942 _2udc
_cANA